00407 2200157 4500001002100000005001500021020001800036035002000054082000800074084001400082100001700096245004600113260004700159300002800206990001500234INLIS00000000000314220251118014000 a979-9140-01-3 a0010-1125000003 a200 a200 YUS m0 aYusuf Mansur1 aMencari Tuhan Yang Hilang /cYusuf Mansur aJakarta :bZikrul Media Intelektual,c2006 a368 hlm ;c14,5 x 23 cm a19593/H/26